Statistics for Countries That Wayne Rooney Scored Against

Click here to take the quiz!

General Stats

  • This quiz has been taken 481 times
    (355 since last reset)
  • The average score is 17 of 28

Answer Stats

CountryGoalsLast% Correct
France12015
90%
Brazil22013
84%
Scotland22014
82%
Russia12007
81%
Argentina12005
79%
Netherlands12006
76%
Croatia42009
72%
Norway12014
72%
Denmark22005
69%
Poland22013
69%
Switzerland42015
67%
Iceland32016
65%
Ukraine12012
64%
Slovakia22009
63%
Slovenia22015
62%
Uruguay12014
62%
San Marino52015
61%
Australia12016
58%
Bulgaria22011
53%
Estonia22014
49%
Lithuania12015
48%
Andorra22009
46%
Belarus22008
41%
Montenegro22013
41%
North Macedonia12003
41%
Liechtenstein12003
39%
Ecuador12014
36%
Kazakhstan32009
27%

Score Distribution

Percentile by Number Answered

Percent of People with Each Score

Your Score History

You have not taken this quiz since the last reset